| 000 | 00538nam a2200217Ia 4500 | ||
|---|---|---|---|
| 003 | OSt | ||
| 005 | 20230609111808.0 | ||
| 008 | 210423s2002 xx 000 0 und d | ||
| 040 | _cAL | ||
| 041 | _aeng | ||
| 082 |
_a303.4 MADS _223 |
||
| 100 |
_aMADAN (G R) _9122747 |
||
| 245 | _aSociology of development | ||
| 260 |
_aBangalore _bAllied Publishers _c2002 |
||
| 300 |
_a525 _bPB |
||
| 365 |
_b175 _cINR |
||
| 650 |
_aSocial Change _9122748 |
||
| 650 |
_aSociology _9122749 |
||
| 906 | _adevelopment ; Sociology | ||
| 942 |
_2ddc _cBK |
||
| 999 |
_c174038 _d174038 |
||